Computer-assisted structure elucidation : a symposium /

Bibliographic Details
Corporate Author: American Chemical Society. Division of Chemical Information
Other Authors: Smith, Dennis H. (Dennis Howard), 1942-
Format: Book
Language:English
Published: Washington : American Chemical Society, 1977.
Series:ACS symposium series ; 54.
Subjects:

MARC

Tag First Indicator Second Indicator Subfields
LEADER 00000pam a2200000 i 4500
001 in00000359377
005 20151011071848.0
008 770707s1977 dcua b 10100 eng
010 |a  77024427  
020 |a 0841203849 
035 |a (OCoLC)03167277 
035 |9 ABP0663AM 
040 |a DLC  |c DLC  |d TXA  |d UtOrBLW 
049 |a TXAM  |c [1535915] 
050 0 0 |a QD471  |b .C594 
082 0 |a 543/.08 
245 0 0 |a Computer-assisted structure elucidation :  |b a symposium /  |c sponsored by the Division of Chemical Information at the 173rd meeting of the American Chemical Society, New Orleans, La., March 23, 1977 ; Dennis H. Smith, editor. 
264 1 |a Washington :  |b American Chemical Society,  |c 1977. 
300 |a viii, 151 pages :  |b illustrations ;  |c 24 cm. 
336 |a text  |b txt  |2 rdacontent 
337 |a unmediated  |b n  |2 rdamedia 
338 |a volume  |b nc  |2 rdacarrier 
490 1 |a ACS symposium series ; 54,  |x [0097-6156] 
504 |a Includes bibliographical references and index. 
650 0 |a Chemical structure  |x Data processing  |x Congresses. 
700 1 |a Smith, Dennis H.  |q (Dennis Howard),  |d 1942- 
710 2 |a American Chemical Society.  |b Division of Chemical Information. 
830 0 |a ACS symposium series ;  |v 54. 
999 |a MARS 
999 f f |s 91ab9b93-89e9-3577-a550-5ac98d00abea  |i 00429ba3-45e7-3846-af52-730103e7a7a1  |t 0 
952 f f |p ric  |a Texas A&M University  |b Rellis Campus  |c Joint Library Facility  |d Remote Storage  |t 0  |e QD471 .C594  |h Library of Congress classification  |i unmediated -- volume  |m A14804713173 
998 f f |a QD471 .C594  |t 0  |l Remote Storage